000 00475ntaaa2200193 4500
003 01
005 20251027201554.0
008 0714s1973 ag 01
040 _aAR-BaBN
_bspa
_cAR-BaBN
_eaacr
_dRIC
082 _a230.0000 D58c
100 _aDillistone, Frederick W.
245 _aThe Christian Faith
250 _a1 ed.
260 _aLondon :
_bHodder and Stoughton,
_cc1964
300 _a190 p.
500 _a(Knowing Christianity)
650 _aTeologĂ­a
942 _cBK
999 _c10311
_d10311